h1

h2

h3

h4

h5
h6
000461159 001__ 461159
000461159 005__ 20221031105028.0
000461159 037__ $$aRWTH-2015-00239
000461159 041__ $$aEnglish
000461159 1001_ $$0P:(DE-82)IDM04387$$aRietz, Manuel$$b0
000461159 1112_ $$a7. Conference of the International Marangoni Association$$cVienna$$d2014-06-23 - 2014-06-26$$gIMA 7$$wAustria
000461159 245__ $$aThermally induced break-up of regularly excited three-dimensional surface waves on a vertical liquid film$$honline
000461159 260__ $$aVienna, Austria$$bInstitute of Fluid Mechanics and Heat Transfer, Vienna University of Technology [u.a.]$$c2014
000461159 29510 $$a7th Conference of the International Marangoni Association : June 23-26, 2014, Vienna University of Technology / IMA, TU Wien
000461159 300__ $$a110-110
000461159 3367_ $$033$$2EndNote$$aConference Paper
000461159 3367_ $$0PUB:(DE-HGF)8$$2PUB:(DE-HGF)$$aContribution to a conference proceedings$$bcontrib$$mcontrib
000461159 3367_ $$2BibTeX$$aINPROCEEDINGS
000461159 3367_ $$2DRIVER$$aconferenceObject
000461159 3367_ $$2DataCite$$aOutput Types/Conference Paper
000461159 3367_ $$2ORCID$$aCONFERENCE_PAPER
000461159 591__ $$aGermany
000461159 7001_ $$0P:(DE-82)IDM00738$$aRohlfs, Wilko$$b1$$eCorresponding author
000461159 7001_ $$0P:(DE-82)IDM00362$$aKneer, Reinhold$$b2$$urwth
000461159 8564_ $$uhttp://ima7.conf.tuwien.ac.at/AbstractsIMA7.pdf$$yFulltext
000461159 909CO $$ooai:publications.rwth-aachen.de:461159$$pVDB
000461159 9101_ $$0I:(DE-588b)36225-6$$6P:(DE-82)IDM00362$$aRWTH Aachen$$b2$$kRWTH
000461159 9141_ $$y2014
000461159 9201_ $$0I:(DE-82)412610_20140620$$k412610$$lLehrstuhl für Wärme- und Stoffübertragung$$x0
000461159 961__ $$c2015-01-26T15:44:05.404005$$x2015-01-26T15:44:05.404005$$z2015-05-28
000461159 980__ $$aI:(DE-82)412610_20140620
000461159 980__ $$aUNRESTRICTED
000461159 980__ $$aVDB
000461159 980__ $$acontrib